| 000 | 00700cam a22002294a 4500 | ||
|---|---|---|---|
| 001 | 15434437 | ||
| 005 | 20240307014555.0 | ||
| 008 | 080902s2004 ce b 001 0 eng | ||
| 020 | _a9558027057 | ||
| 040 |
_aDLC _cDLC _dDLC |
||
| 082 |
_222 _a323.34. _bUSI. |
||
| 100 | 1 | _aGomez, Mario. | |
| 245 | 1 | 0 |
_aStriking a balance : _busing international human rights to achieve gender equality / _cMario Gomez & Shyamala Gomez. |
| 250 | _a1st ed. | ||
| 260 |
_aColombo : _bCanadian International Development Agency's Shakti Gender Equity Project, _c2004. |
||
| 300 | _a177 p. ; | ||
| 650 | 0 | _aWomen | |
| 650 | 0 | _aCivil rights | |
| 650 | 0 | _aHuman rights. | |
| 700 | 1 |
_aGomez, Shyamala. _eedt |
|
| 942 | _cL | ||
| 999 |
_c555 _d555 |
||